| 000 | 00690nam a22002177a 4500 | ||
|---|---|---|---|
| 999 |
_c14814 _d14814 |
||
| 003 | AR-CdUCM | ||
| 008 | 190424b ||||| |||| 00| 0 spa d | ||
| 020 | _a978-958-766-575-8 | ||
| 040 |
_aMUNICIPALIDAD PROVINCIAL DEL CUSCO _cBIBLIOTECA MUNICIPAL DEL CUSCO |
||
| 082 |
_aPI / 376.1 / _bK84 |
||
| 100 |
_aKrutop, Lee _933721 |
||
| 245 |
_aMis primero modales : _bPor favor / |
||
| 260 |
_aBogotá : _bEdit. Panamericana, _c2014. |
||
| 300 |
_a _bIlustraciones, _c20 cm. |
||
| 440 |
_aColecciones la serie _933722 |
||
| 650 |
_aTexto infantil _929090 |
||
| 650 |
_aEducación _9460 |
||
| 700 |
_aGabriela Garcia de la Torre _933723 |
||
| 942 |
_2ddc _cLIBROS |
||
| 945 |
_arjall _d2019-04-24 |
||